| 000 | 00896nmm a2200265 a 4500 | ||
|---|---|---|---|
| 001 | ocm000702841 | ||
| 003 | TR-IsHL | ||
| 005 | 20201028131735.0 | ||
| 008 | 131028s1987 tu tur | ||
| 007 | cr cn | ||
| 035 |
_a702841 _b(N$T) |
||
| 050 | 0 | 4 |
_aBL60 _b.S28 1987 |
| 090 | 0 | 4 |
_aBL60 _b.S28 1987 |
| 100 | 1 | _aSauvaget, Jean | |
| 245 | 1 | 0 |
_aDin sosyolojisine giriş _h[electronic resource] / _cJean Sauvaget ; çev. Battal Inandı |
| 260 |
_aAnkara : _bAnkara Üniversitesi İlahiyat Fakültesi, _c1987 |
||
| 300 | _a74 p. | ||
| 650 | 4 | _aFelsefe, Psikoloji ve Din | |
| 650 | 4 | _aPhilosophy, Psychology and Religion | |
| 650 | 0 | _aDin ve sosyoloji | |
| 650 | 0 | _aReligion and sociology | |
| 650 | 7 |
_aSOCIAL SCIENCE / Sociology of Religion _2bisacsh |
|
| 700 | 1 | _aBattal Inandı | |
| 856 | 4 | 0 | _uhttp://search.ebscohost.com/login.aspx?direct=true&scope=site&db=e011xww&AN=702841 |
| 999 |
_c4725 _d4725 |
||